Name Every Country in North America - No Map - Statistics

General Stats
  • This quiz has been taken 210 times
  • The average score is 19 of 23
Answer Stats
Country % Correct
United States of America
99%
Canada
98%
Mexico
94%
Bahamas
88%
Costa Rica
88%
Haiti
88%
Panama
88%
Jamaica
87%
Honduras
86%
Cuba
85%
Dominican Republic
85%
Barbados
83%
Dominica
83%
Belize
82%
Nicaragua
82%
Antigua and Barbuda
81%
El Salvador
81%
Guatemala
80%
Saint Kitts and Nevis
80%
Saint Lucia
79%
Saint Vincent and the Grenadines
78%
Trinidad and Tobago
73%
Grenada
72%
No matching quizzes found
Score Distribution
Percent of People with Each Score
Percentile by Number Answered
Your Score History
You have not taken this quiz